Путь Абая. Т. 2 (Запись № 7758160)

Подробности
000 -МАРКЕР
контрольное поле 01239nam2a22002651 4500
001 - ИДЕНТИФИКАТОР ЗАПИСИ
контрольное поле rc\3376228
005 - ИДЕНТИФИКАТОР ВЕРСИИ
контрольное поле 20250609222933.0
021 ## - НОМЕР ГОСУДАРСТВЕННОЙ РЕГИСТРАЦИИ
Код страны Российская Федерация
Номер [71-14338]
035 ## - ДРУГИЕ СИСТЕМНЫЕ НОМЕРА
Идентификатор записи (NLR Aleph) 007532101
100 ## - ДАННЫЕ ОБЩЕЙ ОБРАБОТКИ
Данные общей обработки 20130115d1971 |||y0rusy50 ca
101 1# - ЯЗЫК РЕСУРСА
Язык текста, звукозаписи и т.д. русский
Язык оригинала казахский
102 ## - СТРАНА ПУБЛИКАЦИИ ИЛИ ПРОИЗВОДСТВА
Страна публикации Российская Федерация
105 ## - ПОЛЕ КОДИРОВАННЫХ ДАННЫХ: ТЕКСТОВЫЕ МАТЕРИАЛЫ, МОНОГРАФИЧЕСКИЕ
Кодированные данные о монографическом текстовом документе a z |||||
200 0# - ЗАГЛАВИЕ И СВЕДЕНИЯ ОБ ОТВЕТСТВЕННОСТИ
Основное заглавие Т. 2
Первые сведения об ответственности [Ил.: Е. Сидоркина]
210 ## - ПУБЛИКАЦИЯ, РАСПРОСТРАНЕНИЕ И ДР.
Дата издания, распространения и т.д. 1971
Место издания, распространения и т.д. Б. м.
215 ## - ФИЗИЧЕСКАЯ ХАРАКТЕРИСТИКА
Специфическое обозначение материала и объем 687 с., 12 л. ил.
Размеры 20
225 1# - СЕРИЯ
Основное заглавие серии ...
Обозначение тома Т. 135
Наименование части ...
461 #0 - УРОВЕНЬ НАБОРА
Встроенное поле 001rc\3376226
-- 2001#$aПуть Абая$eРоман-эпопея$eВ 2 т.$eПер. с каз.$f[Вступ. статья А. Нурпеисова, с. 5-20$gПримеч. И. Дюсенбаева и Е. Лизуновой$gИл.: Е. Сидоркин]. Т. 1-$vТ. 2
-- 700#1$aАуэзов$bМ.О.$f1897-1961$gМухтар Омарханович
Системный номер (АБИС) связанной записи 7758154
Автор Ауэзов, М.О. (1897-1961)
Место публикации Москва
Дата публикации 1971-
Первые сведения об ответственности [Вступ. статья А. Нурпеисова, с. 5-20
Имя издателя, распространителя и т.д. Худож. лит.
Сведения, относящиеся к заглавию Роман-эпопея : В 2 т. : Пер. с каз.
Заглавие Путь Абая
Номер тома Т. 2
702 #1 - ИМЯ ЛИЦА - ВТОРИЧНАЯ ОТВЕТСТВЕННОСТЬ
Начальный элемент ввода Сидоркин
Часть имени, кроме начального элемента ввода Е.
Код отношения Иллюстратор
801 #0 - ИСТОЧНИК ЗАПИСИ
Страна Российская Федерация
Организация NLR
Правила каталогизации psbo
801 #1 - ИСТОЧНИК ЗАПИСИ
Страна Российская Федерация
Организация ELAR
Источник данных rusmarc
852 ## - МЕСТОНАХОЖДЕНИЕ И ШИФР ХРАНЕНИЯ
Идентификатор организации NLR
Шифр хранения (Call Number) 71-3/681
942 ## - ДОПОЛНИТЕЛЬНЫЕ ЭЛЕМЕНТЫ ЗАПИСИ (АБИС)
Тип экземпляра АБИС Книга
980 ## - КОЛЛЕКЦИЯ
Название коллекции Национальная библиография
Экземпляры
Тип экземпляра Дата поступления Библиотека постоянного хранения Библиотека текущего хранения Место хранения Шифр хранения Штрих-код Статус экземпляра
Книга 26.10.2013 РНБ (Московский) РНБ (Московский) Русский книжный фонд: издания с 1957 года 71-3/681 7532101-10